00906 a2200265 4500003000500000005001700005020001800022020002200040040000900062082001200071100002400083245017500107250001400282260003000296300001900326500001000345500003100355650002200386650002200408650002200430650003500452650002200487740006400509856006700573Nust20170207154013.0 a0-471-22109-0 a978-0-471-22109-8 cNust04a621.3821 aVan Trees, Harry L.00aDetection, estimation, and modulation theory-(E-BOOK)h[Elektronisk resurs]nPart 3,pMCSRadar-sonar signal processing and Gaussian signals in noise /cHarry L. van Trees a[New ed.] aNew York :bWiley,c2002 a626 s. :bill. aE-bok aOriginally published: 1971 7aEstimation theory 7aModulation theory 7aTelecommunication 7aTelecommunication engineering. 7aTelekommunikation0 aRadar-sonar signal processing and Gaussian signals in noise40uhttp://www3.interscience.wiley.com/cgi-bin/booktoc?ID=91015691